| 000 | 00742nam a2200253Ia 4500 | ||
|---|---|---|---|
| 003 | OSt | ||
| 005 | 20220918165551.0 | ||
| 006 | a|||||r|||| 00| 0 | ||
| 007 | ta | ||
| 008 | 220917b |||||||| |||| 00| 0 eng d | ||
| 020 |
_a8131603725 (hbk) _c695 |
||
| 024 | _a244,391 | ||
| 037 |
_bI-790, 03/12/2010, Aakar Books _cTextual |
||
| 040 |
_aARTS _cARTS _beng |
||
| 041 |
_2eng _aeng |
||
| 082 | _aV2y7M69:g(R), Q0 | ||
| 100 |
_aPandey Upasana _924830 |
||
| 245 | 0 | _aPostmodernism and Gandhi | |
| 260 |
_aJaipur _bRawat Publication India _c2010 |
||
| 300 |
_axii, 252p. _ccm. |
||
| 650 | _aHISTORY | ||
| 942 |
_hV2y7M69:g(R), Q0 _cTEXL _2CC |
||
| 999 |
_c130398 _d130398 |
||